Fr. Conceicao Rodrigues College of Engineering

Thus spoke chanakya (Record no. 24888)

MARC details
000 -LEADER
fixed length control field 00327nam a2200169Ia 4500
082 ## - DEWEY DECIMAL CLASSIFICATION NUMBER
Item number PIL
100 ## - MAIN ENTRY--PERSONAL NAME
Personal name Pillai/Radhakrishnan
245 ## - TITLE STATEMENT
Title Thus spoke chanakya
260 ## - PUBLICATION, DISTRIBUTION, ETC.
Name of publisher, distributor, etc. Jaico
Date of publication, distribution, etc. 2018
366 ## - TRADE AVAILABILITY INFORMATION
Publishers's discount category 25
300 ## - PHYSICAL DESCRIPTION
Extent 246
546 ## - LANGUAGE NOTE
Language note ENGLISH
650 ## - SUBJECT ADDED ENTRY--TOPICAL TERM
Topical term or geographic name entry element Chanakya
654 ## - SUBJECT ADDED ENTRY--FACETED TOPICAL TERMS
Focus term chanakya
942 ## - ADDED ENTRY ELEMENTS (KOHA)
Koha item type BOOK
Holdings
Withdrawn status Lost status Damaged status Not for loan Collection Home library Current library Date acquired Source of acquisition Cost, normal purchase price Inventory number Total Checkouts Full call number Barcode Date last seen Date last checked out Cost, replacement price Price effective from Koha item type
        CRC Fr. Agnel's C.Rodrigues College of Engineering Fr. Agnel's C.Rodrigues College of Engineering 17/03/2023 Allied Publishers 224.25 790 dt 30.03.2019 3 PIL 25624 12/02/2026 05/02/2026 299.00   BOOK